| 000 | 00430nam a2200133Ia 4500 | ||
|---|---|---|---|
| 008 | 250506s9999 xx 000 0 und d | ||
| 024 | _a00A-072-CE, 99A-040-CE & 98A-049-CE | ||
| 082 | _a004.678072 SID | ||
| 100 | _aNaveed Siddiqui, M. Taha Yousufi & Irfan Rafiqui | ||
| 245 | 0 | _aImplementation of Extra-net | |
| 260 |
_aKarachi: _bUIT, _c2000 |
||
| 600 | _aComputer System Engineering | ||
| 650 | _aBachelor of Engineering (BE) | ||
| 999 |
_c27674 _d27674 |
||